| 000 | 00751cam a22002538i 4500 | ||
|---|---|---|---|
| 999 |
_c119139 _d119139 |
||
| 001 | 18249468 | ||
| 005 | 20201015102413.0 | ||
| 008 | 140731s2016 nyu b 001 0 eng | ||
| 020 | _a9780073513843 (alk. paper) | ||
| 020 | _a0073513849 (alk. paper) | ||
| 040 | _cPK-LaUMT | ||
| 082 | 0 | 0 |
_a616.07561 _223 _bBOO-P |
| 100 | 1 | _aBooth, Kathryn A. | |
| 245 | 1 | 0 |
_aPhlebotomy : _ba competency-based approach / _cby Kathryn A. Booth and Lillian Mundt |
| 250 | _a4th ed. | ||
| 260 |
_aNew York : _bMcGraw-Hill, _c2013 |
||
| 300 |
_a418 p. ; _ccm. |
||
| 650 | 1 | 2 |
_aPhlebotomy _xmethods. |
| 650 | 2 | 2 | _aClinical Laboratory Techniques. |
| 650 | 2 | 2 | _aProfessional Competence. |
| 650 | 2 | 2 | _aHealth Sciences |
| 700 | 1 | _aMundt, Lillian A., | |
| 942 | _cBK | ||